The Hyderabad tenancy and agricultural lands act no xxi of 1950 (Record no. 427491)

000 -LEADER
fixed length control field 00380cam a22001097a 4500
008 - FIXED-LENGTH DATA ELEMENTS--GENERAL INFORMATION
fixed length control field 180718b1954 xxu||||| |||| 00| 0 eng d
082 ## - DEWEY DECIMAL CLASSIFICATION NUMBER
Classification number Z41203x5451/H995
245 ## - TITLE STATEMENT
Title The Hyderabad tenancy and agricultural lands act no xxi of 1950
Statement of responsibility, etc. by Board of Revenue, Andhra Pradesh
260 ## - PUBLICATION, DISTRIBUTION, ETC.
Place of publication, distribution, etc. Hyderabad
Name of publisher, distributor, etc. Government Press
Date of publication, distribution, etc. 1954
300 ## - PHYSICAL DESCRIPTION
Extent 46+p.
700 ## - ADDED ENTRY--PERSONAL NAME
Personal name Andhra Pradesh. Board of Revenue
Holdings
Withdrawn status Lost status Damaged status Not for loan Permanent Location Current Location Date acquired Full call number Barcode Date last seen Price effective from Koha item type
        Indian Institute of Public Administration Indian Institute of Public Administration 2009-11-18 Z41203x5451/H995 25695 2018-07-21 2018-07-21 Book

Powered by Koha